=LDR 00000nam 2200000 4500 =001 INLIS000000000032767 =005 20130612134748 =008 ***********************************ind** =035 ##$$0010-061300000032767 =041 ##$$a ind =082 ##$$a 370 =090 ##$$a 370, Ana i =100 ##$$a Anam, Saiful =245 ##$$a Indra djati Sidi Dari ITB Untuk Pembaruan Pendidikan, Saiful Anam;Penyunting,M.Pinem =260 ##$$a 2005 $b Jakarta =300 ##$$a xxv,574, Ilus, 21 cm =650 ##$$a Pendidikan =700 ##$$a Pinem, M =850 ##$$a NBPNMAT